Islamic Perspective on Management and Organization (Record no. 2790)

MARC details
000 -LEADER
fixed length control field 00345nam a22001337a 4500
008 - FIXED-LENGTH DATA ELEMENTS--GENERAL INFORMATION
fixed length control field 250402b |||||||| |||| 00| 0 eng d
020 ## - INTERNATIONAL STANDARD BOOK NUMBER
ISBN 184376766X
100 ## - MAIN ENTRY--AUTHOR
Author ALI J. Abbas
245 ## - TITLE STATEMENT
Title Islamic Perspective on Management and Organization
260 ## - PUBLICATION, DISTRIBUTION, ETC. (IMPRINT)
Place of publication Cairo
Name of publisher Al-Talre Publisher
Date of publication 2006
300 ## - COLLATION
Pagination 260p.
942 ## - ADDED ENTRY ELEMENTS (KOHA)
Item type Books
050 ## - LIBRARY OF CONGRESS CALL NUMBER
Classification number HD70
Item number .A55
Holdings
Source of classification or shelving scheme Not for loan Permanent location Current location Date acquired Accession No. Full call number Barcode. Koha item type
Library of Congress Classification   Samuel Ogbemudia Main Library, University of Abuja Samuel Ogbemudia Main Library, University of Abuja 04/02/2025 2007/34235 HD70.A55 2025-1092 Books